000 00194 a2200097 4500
001 42345
100 _aH R H
245 _aA Kings Story
260 _a
_bCassell & Co.
_c
090 _c26283
_d26283
942 _aNUST-CAE
_cM
_c18095
999 _c277418
_d277418